[Event "Panchenko Memorial 2017"]
[Site "?"]
[Date "2017.10.10"]
[Round "4.1"]
[White "Drygalov, Andrey"]
[Black "Sivuk, Vitaly"]
[Result "1/2-1/2"]
[BlackElo "2545"]
[WhiteElo "2430"]
[LiveChessVersion "1.4.8"]

1. e4 {[%clk 1:30:58]} e5 {[%clk 1:30:43]} 2. Nf3 {[%clk 1:31:12]} Nc6
{[%clk 1:31:03]} 3. Bc4 {[%clk 1:31:36]} Nf6 {[%clk 1:31:17]} 4. d3
{[%clk 1:32:02]} Be7 {[%clk 1:31:27]} 5. O-O {[%clk 1:32:22]} O-O
{[%clk 1:31:49]} 6. Re1 {[%clk 1:32:42]} d6 {[%clk 1:32:06]} 7. a4
{[%clk 1:32:14]} Be6 {[%clk 1:30:52]} 8. Bxe6 {[%clk 1:31:08]} fxe6
{[%clk 1:28:17]} 9. c3 {[%clk 1:31:27]} Qe8 {[%clk 1:26:04]} 10. Ng5
{[%clk 1:17:31]} Nd8 {[%clk 1:22:38]} 11. d4 {[%clk 1:16:58]} Qg6
{[%clk 1:18:27]} 12. dxe5 {[%clk 1:14:34]} dxe5 {[%clk 1:18:44]} 13. Nf3
{[%clk 1:07:26]} Nxe4 {[%clk 0:52:57]} 14. Qd3 {[%clk 0:52:42]} 1/2-1/2

[Event "Panchenko Memorial 2017"]
[Site "?"]
[Date "2017.10.10"]
[Round "4.3"]
[White "Baburin, Alexander"]
[Black "Tosic, Miroslav"]
[Result "1-0"]
[BlackElo "2447"]
[WhiteElo "2463"]
[LiveChessVersion "1.4.8"]

1. d4 {[%clk 1:30:54]} f5 {[%clk 1:30:29]} 2. g3 {[%clk 1:31:03]} Nf6
{[%clk 1:30:52]} 3. Bg2 {[%clk 1:31:25]} e6 {[%clk 1:31:14]} 4. c4
{[%clk 1:29:29]} d5 {[%clk 1:29:10]} 5. Nh3 {[%clk 1:26:55]} c6 {[%clk 1:20:49]}
6. O-O {[%clk 1:25:57]} Bd6 {[%clk 1:21:05]} 7. Bf4 {[%clk 1:24:13]} Be7
{[%clk 1:20:55]} 8. Nd2 {[%clk 1:24:35]} Nbd7 {[%clk 1:20:38]} 9. Bg5
{[%clk 1:22:38]} h6 {[%clk 1:09:45]} 10. Bxf6 {[%clk 1:18:51]} Bxf6
{[%clk 1:10:03]} 11. Nf4 {[%clk 1:18:55]} Nf8 {[%clk 1:09:48]} 12. e3
{[%clk 1:16:46]} g6 {[%clk 0:59:43]} 13. b4 {[%clk 1:15:05]} a6 {[%clk 0:53:02]}
14. a4 {[%clk 1:14:55]} Rh7 {[%clk 0:53:17]} 15. b5 {[%clk 1:12:40]} axb5
{[%clk 0:44:34]} 16. axb5 {[%clk 1:12:40]} Rxa1 {[%clk 0:44:14]} 17. Qxa1
{[%clk 1:13:02]} Re7 {[%clk 0:44:28]} 18. Qa8 {[%clk 1:09:55]} Rc7
{[%clk 0:44:18]} 19. b6 {[%clk 1:05:23]} Re7 {[%clk 0:41:49]} 20. Rc1
{[%clk 1:00:46]} Nd7 {[%clk 0:35:15]} 21. Nxg6 {[%clk 0:54:03]} Nxb6
{[%clk 0:32:20]} 22. Qa3 {[%clk 0:52:44]} Rg7 {[%clk 0:31:22]} 23. Nf4
{[%clk 0:45:56]} Nxc4 {[%clk 0:26:54]} 24. Nxc4 {[%clk 0:45:40]} dxc4
{[%clk 0:27:17]} 25. Rxc4 {[%clk 0:44:23]} Be7 {[%clk 0:16:40]} 26. Qa2
{[%clk 0:39:42]} Bd6 {[%clk 0:16:26]} 27. Ra4 {[%clk 0:37:04]} Bxf4
{[%clk 0:16:04]} 28. exf4 {[%clk 0:37:18]} Qd6 {[%clk 0:13:58]} 29. Qe2
{[%clk 0:36:13]} Kd8 {[%clk 0:13:32]} 30. Qh5 {[%clk 0:34:59]} Kc7
{[%clk 0:10:33]} 31. Qxh6 {[%clk 0:33:15]} Rd7 {[%clk 0:08:23]} 32. h4
{[%clk 0:32:19]} b5 {[%clk 0:07:59]} 33. Ra2 {[%clk 0:28:14]} b4 {[%clk 0:08:19]}
34. Rd2 {[%clk 0:20:09]} b3 {[%clk 0:06:25]} 35. Qh5 {[%clk 0:20:17]} Qb4
{[%clk 0:05:18]} 36. Qe2 {[%clk 0:20:27]} Ba6 {[%clk 0:01:01]} 37. Qe5+
{[%clk 0:14:18]} Rd6 {[%clk 0:01:06]} 38. Rb2 {[%clk 0:14:33]} Bc4
{[%clk 0:01:15]} 39. h5 {[%clk 0:13:46]} Kb7 {[%clk 0:01:07]} 40. h6
{[%clk 0:12:45]} Rd7 {[%clk 0:01:35]} 41. Qg7 {[%clk 0:07:32]} Qe7
{[%clk 0:01:00]} 42. Qxe7 {[%clk 0:04:51]} Rxe7 {[%clk 0:01:29]} 43. Bf3
{[%clk 0:05:16]} Rh7 {[%clk 0:00:43]} 44. Bd1 {[%clk 0:05:41]} Rxh6
{[%clk 0:00:57]} 45. Bxb3 {[%clk 0:06:08]} Bb5 {[%clk 0:00:40]} 46. f3
{[%clk 0:05:12]} Kc7 {[%clk 0:01:04]} 47. g4 {[%clk 0:04:39]} Kd6
{[%clk 0:00:56]} 48. Rh2 {[%clk 0:04:18]} Kd5 1-0

[Event "Panchenko Memorial 2017"]
[Site "?"]
[Date "2017.10.10"]
[Round "4.4"]
[White "Bezgodov, Alexei"]
[Black "Korneev, Oleg"]
[Result "1/2-1/2"]
[BlackElo "2557"]
[WhiteElo "2482"]
[LiveChessVersion "1.4.8"]

1. e4 {[%clk 1:30:58]} e5 {[%clk 1:23:01]} 2. Nf3 {[%clk 1:31:21]} Nc6
{[%clk 1:23:28]} 3. Bb5 {[%clk 1:31:44]} Nf6 {[%clk 1:23:48]} 4. O-O
{[%clk 1:31:59]} Nxe4 {[%clk 1:24:13]} 5. d4 {[%clk 1:32:22]} Nd6
{[%clk 1:24:33]} 6. Bxc6 {[%clk 1:32:45]} dxc6 {[%clk 1:25:00]} 7. dxe5
{[%clk 1:33:08]} Nf5 {[%clk 1:25:28]} 8. Qxd8+ {[%clk 1:33:30]} Kxd8
{[%clk 1:25:56]} 9. Nc3 {[%clk 1:33:36]} Bd7 {[%clk 1:24:54]} 10. Rd1
{[%clk 1:26:17]} Kc8 {[%clk 1:25:23]} 11. Ng5 {[%clk 1:26:36]} Be8
{[%clk 1:25:51]} 12. b3 {[%clk 1:27:00]} b6 {[%clk 1:23:38]} 13. Bb2
{[%clk 1:26:08]} Be7 {[%clk 1:19:30]} 14. Nge4 {[%clk 1:26:23]} Kb7
{[%clk 1:14:51]} 15. Rd3 {[%clk 1:13:57]} Rd8 {[%clk 1:14:23]} 16. Rad1
{[%clk 1:14:07]} 1/2-1/2

[Event "Panchenko Memorial 2017"]
[Site "?"]
[Date "2017.10.10"]
[Round "4.5"]
[White "Simantsev, Mikhail"]
[Black "Naumkin, Igor"]
[Result "1/2-1/2"]
[BlackElo "2446"]
[WhiteElo "2492"]
[LiveChessVersion "1.4.8"]

1. d4 {[%clk 1:24:43]} Nf6 {[%clk 1:30:44]} 2. c4 {[%clk 1:24:41]} e6
{[%clk 1:31:09]} 3. Nf3 {[%clk 1:24:40]} b6 {[%clk 1:31:29]} 4. g3
{[%clk 1:24:35]} Bb7 {[%clk 1:31:46]} 5. Bg2 {[%clk 1:24:36]} Be7
{[%clk 1:32:05]} 6. O-O {[%clk 1:24:34]} O-O {[%clk 1:32:08]} 7. Re1
{[%clk 1:24:36]} c5 {[%clk 1:29:42]} 8. d5 {[%clk 1:17:12]} exd5 {[%clk 1:29:01]}
9. Nh4 {[%clk 1:17:10]} g6 {[%clk 1:26:43]} 10. Nc3 {[%clk 1:03:08]} Na6
{[%clk 1:21:59]} 11. cxd5 {[%clk 1:01:40]} 1/2-1/2

[Event "Panchenko Memorial 2017"]
[Site "?"]
[Date "2017.10.10"]
[Round "4.6"]
[White "Borisenko, Viacheslav"]
[Black "Stankovic, Milos"]
[Result "1/2-1/2"]
[BlackElo "2399"]
[WhiteElo "2313"]
[LiveChessVersion "1.4.8"]

1. e4 {[%clk 1:21:30]} c5 {[%clk 1:29:47]} 2. Nf3 {[%clk 1:21:55]} d6
{[%clk 1:29:41]} 3. c3 {[%clk 1:22:21]} Nf6 {[%clk 1:28:53]} 4. Be2
{[%clk 1:22:49]} Nbd7 {[%clk 1:27:41]} 5. Qc2 {[%clk 1:22:10]} Qc7
{[%clk 1:27:17]} 6. O-O {[%clk 1:19:50]} g6 {[%clk 1:27:08]} 7. d4
{[%clk 1:18:19]} cxd4 {[%clk 1:22:34]} 8. Nxd4 {[%clk 1:18:44]} Bg7
{[%clk 1:22:30]} 9. h3 {[%clk 1:17:57]} O-O {[%clk 1:22:18]} 10. c4
{[%clk 1:14:02]} a6 {[%clk 1:16:35]} 11. Nc3 {[%clk 1:13:46]} b6 {[%clk 1:08:06]}
12. Be3 {[%clk 1:08:21]} Bb7 {[%clk 1:07:58]} 13. Rac1 {[%clk 1:07:45]} Rac8
{[%clk 1:06:44]} 14. Rfd1 {[%clk 1:05:08]} Qb8 {[%clk 1:05:35]} 15. Qb1
{[%clk 1:03:06]} Rfe8 {[%clk 0:58:27]} 16. Nf3 {[%clk 0:59:06]} Qa8
{[%clk 0:52:54]} 17. Nd2 {[%clk 0:58:39]} e6 {[%clk 0:48:27]} 18. Bf1
{[%clk 0:46:00]} d5 {[%clk 0:43:20]} 19. exd5 {[%clk 0:41:59]} exd5
{[%clk 0:43:31]} 20. cxd5 {[%clk 0:40:46]} Nxd5 {[%clk 0:42:18]} 21. Nxd5
{[%clk 0:40:43]} Bxd5 {[%clk 0:41:14]} 22. Nc4 {[%clk 0:40:16]} b5
{[%clk 0:35:29]} 23. Rxd5 {[%clk 0:34:53]} Qxd5 {[%clk 0:35:28]} 24. Rd1
{[%clk 0:35:20]} Qc6 {[%clk 0:34:48]} 25. Nd6 {[%clk 0:35:27]} Rxe3
{[%clk 0:34:04]} 26. Nxc8 {[%clk 0:35:07]} Re8 {[%clk 0:33:47]} 27. Nd6
{[%clk 0:31:18]} Re6 {[%clk 0:33:14]} 28. Ne4 {[%clk 0:20:24]} Qxe4
{[%clk 0:28:39]} 29. Qxe4 {[%clk 0:20:47]} Rxe4 {[%clk 0:29:00]} 30. Rxd7
{[%clk 0:21:13]} Bxb2 {[%clk 0:29:17]} 31. Rd2 {[%clk 0:21:28]} Ba3
{[%clk 0:24:58]} 32. g4 {[%clk 0:20:39]} Kg7 {[%clk 0:24:55]} 33. Be2
{[%clk 0:20:46]} Bc5 {[%clk 0:22:33]} 34. Rc2 {[%clk 0:20:23]} Bd4
{[%clk 0:21:05]} 35. Kg2 {[%clk 0:20:40]} Rf4 {[%clk 0:21:07]} 36. Bf1
{[%clk 0:18:00]} h5 {[%clk 0:17:36]} 37. gxh5 {[%clk 0:17:52]} gxh5
{[%clk 0:17:56]} 38. Bd3 {[%clk 0:17:44]} h4 {[%clk 0:17:47]} 39. f3
{[%clk 0:16:21]} Be3 {[%clk 0:17:11]} 40. Re2 {[%clk 0:15:32]} Bb6
{[%clk 0:17:21]} 41. Re4 {[%clk 0:15:25]} Rf6 {[%clk 0:14:34]} 42. a4
{[%clk 0:08:29]} Rd6 {[%clk 0:14:21]} 43. Rg4+ {[%clk 0:08:41]} Kf8
{[%clk 0:14:30]} 44. Bf5 {[%clk 0:08:57]} Rd2+ {[%clk 0:14:33]} 45. Kh1
{[%clk 0:09:20]} Rd1+ {[%clk 0:12:57]} 46. Kh2 {[%clk 0:09:35]} Bd4
{[%clk 0:09:45]} 47. axb5 {[%clk 0:09:44]} axb5 {[%clk 0:10:08]} 48. Rxh4
{[%clk 0:08:36]} b4 {[%clk 0:09:28]} 49. Be4 {[%clk 0:08:11]} Be5+
{[%clk 0:05:56]} 50. Kg2 {[%clk 0:08:28]} Ke7 {[%clk 0:04:16]} 51. Rh6
{[%clk 0:07:17]} b3 {[%clk 0:02:36]} 52. h4 {[%clk 0:04:54]} b2 {[%clk 0:02:04]}
53. Rb6 {[%clk 0:05:08]} Rd2+ {[%clk 0:02:08]} 54. Kh3 {[%clk 0:05:27]} Rh2+
{[%clk 0:01:05]} 55. Kg4 {[%clk 0:05:55]} Bf6 {[%clk 0:01:26]} 56. Kg3
{[%clk 0:01:49]} Rh1 {[%clk 0:01:32]} 57. Bf5 {[%clk 0:01:07]} Rxh4
{[%clk 0:00:36]} 58. Rxb2 {[%clk 0:01:21]} Rg4+ {[%clk 0:00:55]} 59. fxg4
{[%clk 0:01:31]} Bxb2 {[%clk 0:01:20]} 60. Kf3 {[%clk 0:01:59]} 1/2-1/2

[Event "Panchenko Memorial 2017"]
[Site "?"]
[Date "2017.10.10"]
[Round "4.7"]
[White "Vaseptsov, Maxim"]
[Black "Matsenko, Andrei"]
[Result "0-1"]
[BlackElo "2281"]
[WhiteElo "2331"]
[LiveChessVersion "1.4.8"]

1. g3 e5 2. c4 Nf6 3. Bg2 Nc6 4. Nc3 Bc5 5. e3 O-O 6. Nge2 Re8 7. O-O Bf8 8. d4
d6 9. h3 g6 10. d5 Nb8 11. e4 Nbd7 12. Be3 c5 13. Qd2 Bg7 14. f4 exf4 15. gxf4
Nh5 16. Kh2 f5 17. exf5 Nb6 18. b3 Bxf5 19. Rae1 Nd7 20. Ng1 Ne5 21. Nf3 Nd3 22.
Ng5 Nxe1 23. Rxe1 Qd7 24. Ne6 Bf6 25. Ne4 Bh4 26. Bf2 Bxf2 27. Nxf2 Qe7 28. Be4
Bxe6 29. dxe6 Rf8 30. Ng4 Rxf4 31. Bd5 Re8 32. Rg1 Qg7 33. Rg2 Kh8 34. Re2 Re7
35. Rf2 g5 36. Rg2 Rd4 37. Qf2 Nf4 38. Rg3 Nxe6 0-1

[Event "Panchenko Memorial 2017"]
[Site "?"]
[Date "2017.10.10"]
[Round "4.8"]
[White "Suslova, Alena"]
[Black "Tologontegin, Semetey"]
[Result "0-1"]
[BlackElo "2392"]
[WhiteElo "2227"]
[LiveChessVersion "1.4.8"]

1. c4 {[%clk 1:30:59]} e5 {[%clk 1:29:45]} 2. g3 {[%clk 1:30:38]} Nc6
{[%clk 1:29:20]} 3. Bg2 {[%clk 1:30:45]} d6 {[%clk 1:29:43]} 4. Nc3
{[%clk 1:29:58]} Be6 {[%clk 1:30:03]} 5. Nd5 {[%clk 1:29:56]} Qd7
{[%clk 1:05:39]} 6. Rb1 {[%clk 1:25:31]} a5 {[%clk 0:43:39]} 7. d3
{[%clk 1:25:03]} Be7 {[%clk 0:43:33]} 8. Bd2 {[%clk 1:24:35]} Bd8
{[%clk 0:38:14]} 9. Qa4 {[%clk 1:13:05]} Ra6 {[%clk 0:31:39]} 10. h4
{[%clk 1:06:15]} Nf6 {[%clk 0:30:53]} 11. a3 {[%clk 0:49:41]} O-O
{[%clk 0:23:44]} 12. Bg5 {[%clk 0:44:10]} Ng4 {[%clk 0:17:35]} 13. Bxd8
{[%clk 0:41:01]} Qxd8 {[%clk 0:15:05]} 14. Nf3 {[%clk 0:40:41]} h6
{[%clk 0:14:04]} 15. O-O {[%clk 0:40:17]} f5 {[%clk 0:14:26]} 16. e3
{[%clk 0:38:12]} Ne7 {[%clk 0:13:12]} 17. Nh2 {[%clk 0:34:57]} Nxh2
{[%clk 0:04:31]} 18. Kxh2 {[%clk 0:35:25]} c6 {[%clk 0:03:55]} 19. Nxe7+
{[%clk 0:30:40]} Qxe7 {[%clk 0:03:41]} 20. Rbe1 {[%clk 0:28:38]} g5
{[%clk 0:03:28]} 21. hxg5 {[%clk 0:27:04]} hxg5 {[%clk 0:03:54]} 22. f4
{[%clk 0:27:12]} Rf7 {[%clk 0:04:15]} 23. c5 {[%clk 0:23:11]} Bc8
{[%clk 0:03:04]} 24. d4 {[%clk 0:20:58]} gxf4 {[%clk 0:02:57]} 25. exf4
{[%clk 0:20:52]} e4 {[%clk 0:03:24]} 26. cxd6 {[%clk 0:20:04]} Qxd6
{[%clk 0:03:50]} 27. Qc4 {[%clk 0:20:12]} Rb6 {[%clk 0:03:38]} 28. Re2
{[%clk 0:18:52]} Be6 {[%clk 0:03:19]} 29. Qc5 {[%clk 0:17:15]} Qxc5
{[%clk 0:03:44]} 30. dxc5 {[%clk 0:17:41]} Rb3 {[%clk 0:04:12]} 31. Rc1
{[%clk 0:17:10]} Rh7+ {[%clk 0:02:41]} 32. Bh3 {[%clk 0:16:11]} Bd5
{[%clk 0:02:47]} 33. Rc3 {[%clk 0:15:49]} Rxc3 {[%clk 0:01:10]} 34. bxc3
{[%clk 0:16:18]} Bc4 {[%clk 0:01:14]} 35. Re1 {[%clk 0:16:35]} Kf7
{[%clk 0:01:17]} 36. Kg2 {[%clk 0:16:43]} Be6 {[%clk 0:01:24]} 37. Rd1
{[%clk 0:15:01]} e3 {[%clk 0:00:47]} 38. Re1 {[%clk 0:12:47]} Bd5+
{[%clk 0:01:07]} 39. Kh2 {[%clk 0:13:01]} Bf3 {[%clk 0:01:25]} 40. Rxe3
{[%clk 0:11:29]} Bg4 {[%clk 0:01:47]} 41. c4 {[%clk 0:11:40]} Bxh3
{[%clk 0:01:43]} 42. Rb3 {[%clk 0:11:33]} Ke6 {[%clk 0:01:46]} 43. Kg1
{[%clk 0:10:35]} Rd7 {[%clk 0:01:57]} 44. Kf2 {[%clk 0:10:13]} Rd4
{[%clk 0:01:54]} 45. Re3+ {[%clk 0:09:56]} Kd7 {[%clk 0:02:02]} 46. Rc3
{[%clk 0:10:15]} Re4 {[%clk 0:02:20]} 47. Rc2 {[%clk 0:09:50]} Bg4
{[%clk 0:02:37]} 48. Rd2+ {[%clk 0:09:44]} Kc7 {[%clk 0:03:03]} 49. Rc2
{[%clk 0:10:10]} a4 {[%clk 0:03:20]} 50. Rc3 {[%clk 0:09:56]} Re2+
{[%clk 0:03:37]} 51. Kf1 {[%clk 0:10:23]} Rb2 {[%clk 0:03:34]} 52. Ke1
{[%clk 0:10:51]} Kc8 {[%clk 0:03:49]} 0-1

[Event "Panchenko Memorial 2017"]
[Site "?"]
[Date "2017.10.10"]
[Round "4.9"]
[White "Radzhabov, Rodion"]
[Black "Sitnikov, Anton"]
[Result "1-0"]
[BlackElo "2457"]
[WhiteElo "2319"]
[LiveChessVersion "1.4.8"]

1. e4 {[%clk 1:29:43]} e6 {[%clk 1:30:36]} 2. d4 {[%clk 1:29:59]} d5
{[%clk 1:30:59]} 3. Nd2 {[%clk 1:30:24]} Nf6 {[%clk 1:31:20]} 4. e5
{[%clk 1:30:49]} Nfd7 {[%clk 1:31:41]} 5. Bd3 {[%clk 1:31:12]} c5
{[%clk 1:32:03]} 6. c3 {[%clk 1:31:35]} b6 {[%clk 1:32:22]} 7. Ne2
{[%clk 1:30:53]} Ba6 {[%clk 1:32:45]} 8. Bxa6 {[%clk 1:30:23]} Nxa6
{[%clk 1:33:07]} 9. f4 {[%clk 1:29:57]} Nc7 {[%clk 1:32:43]} 10. O-O
{[%clk 1:30:10]} g6 {[%clk 1:28:40]} 11. Nf3 {[%clk 1:28:28]} c4 {[%clk 1:26:05]}
12. Be3 {[%clk 1:25:48]} b5 {[%clk 1:26:21]} 13. Qd2 {[%clk 1:25:15]} Nb6
{[%clk 1:24:19]} 14. g4 {[%clk 1:23:16]} h5 {[%clk 1:23:57]} 15. h3
{[%clk 1:22:49]} Qd7 {[%clk 1:22:40]} 16. Ng3 {[%clk 1:19:54]} hxg4
{[%clk 1:23:04]} 17. hxg4 {[%clk 1:20:21]} Be7 18. Kg2 O-O-O {[%clk 1:14:27]} 19.
Rh1 {[%clk 1:18:10]} a5 {[%clk 1:14:40]} 20. a3 {[%clk 1:17:10]} Kb7
{[%clk 1:12:08]} 21. Raf1 {[%clk 1:12:51]} Rdf8 {[%clk 1:06:55]} 22. Qc2
{[%clk 1:08:47]} b4 {[%clk 1:06:47]} 23. f5 {[%clk 1:00:12]} b3 {[%clk 0:49:54]}
24. Qb1 {[%clk 0:58:24]} gxf5 {[%clk 0:33:04]} 25. gxf5 {[%clk 0:57:47]} f6
{[%clk 0:31:51]} 26. Rxh8 {[%clk 0:46:02]} Rxh8 {[%clk 0:32:09]} 27. Rh1
{[%clk 0:45:25]} Rxh1 {[%clk 0:11:24]} 28. Qxh1 {[%clk 0:44:53]} exf5
{[%clk 0:11:45]} 29. Qh7 {[%clk 0:42:44]} fxe5 {[%clk 0:01:30]} 30. Nxe5
{[%clk 0:42:00]} Qe6 {[%clk 0:01:53]} 31. Nxf5 {[%clk 0:41:32]} Bxa3
{[%clk 0:00:55]} 32. bxa3 {[%clk 0:41:26]} b2 {[%clk 0:01:23]} 33. Nh6
{[%clk 0:21:52]} Ka6 {[%clk 0:00:33]} 34. Nhf7 {[%clk 0:01:54]} Qe7
{[%clk 0:00:39]} 35. Qg6 {[%clk 0:01:08]} Nb5 {[%clk 0:00:45]} 36. Bg5
{[%clk 0:01:06]} Qb7 1-0

[Event "Panchenko Memorial 2017"]
[Site "?"]
[Date "2017.10.10"]
[Round "4.10"]
[White "Drygalov, Sergey"]
[Black "Salemgareev, Tagir"]
[Result "1-0"]
[BlackElo "2378"]
[WhiteElo "2404"]
[LiveChessVersion "1.4.8"]

1. d4 {[%clk 1:30:57]} d5 {[%clk 1:30:53]} 2. c4 {[%clk 1:31:21]} c6
{[%clk 1:31:20]} 3. Nf3 {[%clk 1:31:46]} Nf6 {[%clk 1:31:47]} 4. e3
{[%clk 1:32:05]} e6 {[%clk 1:32:11]} 5. Bd3 {[%clk 1:32:32]} Nbd7
{[%clk 1:29:50]} 6. Nbd2 {[%clk 1:32:57]} Bd6 {[%clk 1:28:39]} 7. O-O
{[%clk 1:32:42]} O-O {[%clk 1:29:03]} 8. e4 {[%clk 1:33:10]} e5 {[%clk 1:29:00]}
9. cxd5 {[%clk 1:33:20]} cxd5 {[%clk 1:29:24]} 10. exd5 {[%clk 1:33:46]} exd4
{[%clk 1:29:17]} 11. Ne4 {[%clk 1:34:12]} Nxe4 {[%clk 1:27:35]} 12. Bxe4
{[%clk 1:34:36]} Nf6 {[%clk 1:27:36]} 13. Qxd4 {[%clk 1:35:02]} Nxe4
{[%clk 1:27:21]} 14. Qxe4 {[%clk 1:35:29]} Re8 {[%clk 1:27:06]} 15. Qd4
{[%clk 1:35:55]} Bf5 {[%clk 1:23:08]} 16. Bg5 {[%clk 1:35:52]} Qb6
{[%clk 0:35:09]} 17. Qxb6 {[%clk 1:34:11]} axb6 {[%clk 0:35:38]} 18. Be3
{[%clk 1:33:54]} Be4 {[%clk 0:31:27]} 19. Bxb6 {[%clk 1:25:47]} Bxd5
{[%clk 0:31:41]} 20. Rfd1 {[%clk 1:20:22]} Bxf3 {[%clk 0:31:48]} 21. gxf3
{[%clk 1:19:31]} Re6 {[%clk 0:31:33]} 22. Be3 {[%clk 1:12:13]} Rg6+
{[%clk 0:28:12]} 23. Kh1 {[%clk 1:10:48]} Ra4 {[%clk 0:20:15]} 24. Rd4
{[%clk 0:52:54]} Rxd4 {[%clk 0:19:59]} 25. Bxd4 {[%clk 0:53:09]} Rh6
{[%clk 0:18:37]} 26. Be3 {[%clk 0:50:26]} Rxh2+ {[%clk 0:18:52]} 27. Kg1
{[%clk 0:50:52]} Rh5 {[%clk 0:16:12]} 28. Rd1 {[%clk 0:51:08]} Bf8
{[%clk 0:16:30]} 29. Rd8 {[%clk 0:50:52]} f6 {[%clk 0:16:40]} 30. b4
{[%clk 0:50:16]} Kf7 {[%clk 0:14:56]} 31. Rd7+ {[%clk 0:50:30]} Ke6
{[%clk 0:15:25]} 32. Rxb7 {[%clk 0:50:49]} Rd5 {[%clk 0:15:41]} 33. a4
{[%clk 0:48:39]} Rd1+ {[%clk 0:15:51]} 34. Kg2 {[%clk 0:48:52]} Ra1
{[%clk 0:15:20]} 35. a5 {[%clk 0:45:50]} Ra4 {[%clk 0:12:55]} 36. Rb6+
{[%clk 0:41:07]} Kd5 {[%clk 0:12:19]} 37. a6 {[%clk 0:37:29]} Bxb4
{[%clk 0:12:28]} 38. a7 {[%clk 0:36:09]} Bd2 {[%clk 0:11:32]} 39. Bxd2
{[%clk 0:34:34]} Rxa7 {[%clk 0:11:57]} 40. Be3 {[%clk 0:34:04]} Rd7
{[%clk 0:10:59]} 41. f4 {[%clk 0:34:22]} Ke4 {[%clk 0:10:32]} 42. Rb4+
{[%clk 0:33:28]} Kf5 {[%clk 0:10:52]} 43. Kf3 {[%clk 0:33:54]} h6
{[%clk 0:10:08]} 44. Rb5+ {[%clk 0:34:18]} Kg6 {[%clk 0:10:31]} 45. f5+
{[%clk 0:34:36]} Kh7 {[%clk 0:10:48]} 46. Ra5 {[%clk 0:34:58]} Rb7
{[%clk 0:10:39]} 47. Kg4 {[%clk 0:33:47]} Rb1 {[%clk 0:10:46]} 48. Ra7
{[%clk 0:33:38]} Rg1+ {[%clk 0:10:34]} 49. Kf3 {[%clk 0:34:01]} Rb1
{[%clk 0:10:34]} 50. Rd7 {[%clk 0:34:11]} Rg1 {[%clk 0:10:20]} 51. Ke4
{[%clk 0:32:17]} Rb1 {[%clk 0:07:02]} 52. Bd4 {[%clk 0:30:35]} Kg8
{[%clk 0:07:11]} 53. Kf4 {[%clk 0:29:33]} Re1 {[%clk 0:07:19]} 54. Kf3
{[%clk 0:29:19]} Rg1 {[%clk 0:07:23]} 55. Be3 {[%clk 0:29:13]} Kh7
{[%clk 0:07:13]} 56. Bf4 {[%clk 0:28:42]} Rb1 {[%clk 0:07:09]} 57. Bg3
{[%clk 0:27:45]} Rb4 {[%clk 0:07:14]} 58. Re7 {[%clk 0:27:51]} Ra4
{[%clk 0:06:48]} 59. Re4 {[%clk 0:27:59]} Ra7 {[%clk 0:06:59]} 60. Rc4
{[%clk 0:28:09]} Rb7 {[%clk 0:06:56]} 61. Ke4 {[%clk 0:28:26]} Rb5
{[%clk 0:06:59]} 62. Bd6 {[%clk 0:28:23]} Ra5 {[%clk 0:05:05]} 63. Bc5
{[%clk 0:28:42]} Kg8 {[%clk 0:04:49]} 64. Kd5 {[%clk 0:29:07]} Kf7
{[%clk 0:05:11]} 65. Re4 {[%clk 0:29:30]} Ra6 {[%clk 0:05:05]} 66. Re7+
{[%clk 0:29:30]} Kg8 {[%clk 0:05:30]} 67. Ra7 {[%clk 0:29:14]} 1-0